Catálogo
 En Linea

A las puertas de Leningrado : (Registro nro. 42037)

Detalles MARC
000 -CABECERA
campo de control de longitud fija 00802nam a2200217 a 4500
001 - NÚMERO DE CONTROL
campo de control 000042548
005 - FECHA Y HORA DE LA ÚLTIMA TRANSACCIÓN
campo de control 20201002040228.0
008 - DATOS DE LONGITUD FIJA--INFORMACIÓN GENERAL
campo de control de longitud fija 131211s2009 sp bc r 000 0 spa d
020 ## - NÚMERO INTERNACIONAL ESTÁNDAR DEL LIBRO
Número Internacional Estándar del Libro 9788492567089
040 ## - FUENTE DE LA CATALOGACIÓN
Centro catalogador/agencia de origen DO-SdBNP
Lengua de catalogación spa
Centro/agencia transcriptor BNPHU
082 ## - NÚMERO DE LA CLASIFICACIÓN DECIMAL DEWEY
Número de clasificación xxxx
Número de documento/Ítem xxxx
100 1# - ENTRADA PRINCIPAL--NOMBRE DE PERSONA
Nombre de persona Lubbeck, William
9 (RLIN) 69788
240 10 - TÍTULO UNIFORME
Título uniforme At Leningrad´s gates
Información miscelánea the story of a soldier with army group north
245 10 - MENCIÓN DE TÍTULO
Título A las puertas de Leningrado :
Resto del título memorias de un soldado alemán en el frente ruso /
Mención de responsabilidad, etc. William Lubbeck, David B. Hurt; traducción, Raquel Herrera.
260 ## - PUBLICACIÓN, DISTRIBUCIÓN, ETC.
Lugar de publicación, distribución, etc. Madrid :
Nombre del editor, distribuidor, etc. Tempus,
Fecha de publicación, distribución, etc. 2009.
300 ## - DESCRIPCIÓN FÍSICA
Extensión 303 p. :
Otras características físicas mapa, retrs. ;
Dimensiones 23 cm.
500 ## - NOTA GENERAL
Nota general Incluye notas al pie de las pági nas
590 ## - NOTA LOCAL (RLIN)
Nota local Inventariado, 2019/BT
700 1# - PUNTO DE ACCESO ADICIONAL--NOMBRE DE PERSONA
Nombre de persona Herrera, Raquel,
Término indicativo de función/relación tr.
9 (RLIN) 69789
700 1# - PUNTO DE ACCESO ADICIONAL--NOMBRE DE PERSONA
Nombre de persona Hurt, David B.
9 (RLIN) 69790
Existencias
Estado de retiro Estado de pérdida Restricciones de uso No para préstamo Código de colección Localización permanente Ubicación/localización actual Ubicación en estantería Fecha de adquisición Número de inventario Total de préstamos Signatura topográfica completa Código de barras Fecha visto por última vez Precio válido a partir de Tipo de ítem Koha
      Excluido de préstamo Monografías: Libros y Folletos General General Depósito 11.12.2013 LF1   xxxx xxxx 42548-10 25.06.2020 25.06.2020 No se presta

Con tecnología Koha